[Event "FRA-chT U20 0203"]
[Site "Clichy"]
[Date "2003.05.04"]
[Round "11.10"]
[White "Pierre, Alexis"]
[Black "Ambroise, Thibault"]
[Result "1-0"]
[WhiteElo "1370"]
[BlackElo "1400"]
[PlyCount "80"]
[EventDate "2002.12.??"]
[EventType "team"]
[EventRounds "11"]
[EventCountry "FRA"]
[SourceTitle "EXT 2004"]
[Source "ChessBase"]
[SourceDate "2003.11.25"]
[SourceVersion "1"]
[SourceVersionDate "2003.11.25"]
[SourceQuality "1"]
[WhiteTeam "Mulhouse"]
[BlackTeam "Pau"]
[WhiteTeamCountry "FRA"]
[BlackTeamCountry "FRA"]

1. d4 d5 2. c4 e6 3. Nf3 Nf6 4. Bg5 h6 5. Bh4 c5 6. Nc3 g5 7. Bg3 b6 8. Ne5 Na6 9. e3 Bd7 10. Nf3 Bc6 11. cxd5 Bb7 12. dxe6 fxe6 13. Bb5+ Kf7 14. 0-0 Nc7 15. Ba4 Bd6 16. Qd3 Bxg3 17. hxg3 Bxf3 18. gxf3 Ncd5 19. dxc5 bxc5 20. Bb3 Kg7 21. Qc4 h5 22. e4 Nc7 23. Qxc5 Kg6 24. f4 h4 25. Qc4 hxg3 26. fxg3 Qd2 27. Qe2 Qd4+ 28. Qf2 Qd3 29. Rad1 Qa6 30. e5 Nfe8 31. f5+ Kg7 32. f6+ Kf7 33. Qf5 Qb6+ 34. Qf2 Qc6 35. Qg2 Qb6+ 36. Rf2 Qc5 37. Ne4 Qxe5 38. Rd7+ Kf8 39. f7 Ng7 40. Re2 Qf5 1-0

[Event "FRA-chT U20 0203"]
[Site "Clichy"]
[Date "2003.05.03"]
[Round "9.8"]
[White "Ambroise, Thibault"]
[Black "Saatdjian, Stephane"]
[Result "0-1"]
[WhiteElo "1400"]
[BlackElo "1430"]
[PlyCount "107"]
[EventDate "2002.12.??"]
[EventType "team"]
[EventRounds "11"]
[EventCountry "FRA"]
[SourceTitle "EXT 2004"]
[Source "ChessBase"]
[SourceDate "2003.11.25"]
[SourceVersion "1"]
[SourceVersionDate "2003.11.25"]
[SourceQuality "1"]
[WhiteTeam "Pau"]
[BlackTeam "Nancy"]
[WhiteTeamCountry "FRA"]
[BlackTeamCountry "FRA"]

1. e4 d5 2. exd5 Nf6 3. c4 e6 4. dxe6 Bxe6 5. Nc3 Bb4 6. Nf3 Qe7 7. Be2 Bxc4 8. d3 Ba6 9. 0-0 0-0 10. a3 Bc5 11. Bg5 c6 12. Ne4 Nbd7 13. Rc1 Bb6 14. Qd2 Nxe4 15. dxe4 f6 16. Bxa6 bxa6 17. Bf4 Qxe4 18. Rfe1 Qa4 19. Bg3 Nc5 20. Re7 Rad8 21. Qb4 Rd1+ 22. Rxd1 Qxd1+ 23. Re1 Qc2 24. h3 Nd3 25. Qe4 Nxe1 26. Qe6+ Kh8 27. Nxe1 Qc1 28. Kh2 Qxb2 29. Qxc6 Rd8 30. Bc7 Bxc7+ 31. Qxc7 Qe5+ 32. Qxe5 fxe5 33. Nf3 e4 34. Ne5 Rd2 35. Kg3 Ra2 36. Nc4 Rc2 37. Ne3 Rc3 38. Kf4 Rxa3 39. Kxe4 a5 40. Kd4 Ra2 41. f3 a4 42. Kc4 Re2 43. Nd5 Rxg2 44. Kb4 Rg3 45. Kxa4 Rxh3 46. f4 Rh4 47. Ka5 Rh5 48. Ka6 Rxd5 49. Kxa7 Rd4 50. f5 Rf4 51. Kb6 Rxf5 52. Kc6 h5 53. Kd6 h4 54. Ke6 0-1

[Event "FRA-chT U20 0203"]
[Site "Clichy"]
[Date "2003.01.05"]
[Round "7.8"]
[White "Lemeille, Francois"]
[Black "Ambroise, Thibault"]
[Result "1-0"]
[WhiteElo "1230"]
[BlackElo "1470"]
[PlyCount "53"]
[EventDate "2002.12.??"]
[EventType "team"]
[EventRounds "11"]
[EventCountry "FRA"]
[SourceTitle "EXT 2004"]
[Source "ChessBase"]
[SourceDate "2003.11.25"]
[SourceVersion "1"]
[SourceVersionDate "2003.11.25"]
[SourceQuality "1"]
[WhiteTeam "Bois Colombes"]
[BlackTeam "Pau"]
[WhiteTeamCountry "FRA"]
[BlackTeamCountry "FRA"]

1. e4 e5 2. Nf3 Nc6 3. Nc3 Nf6 4. Bb5 Bc5 5. Nxe5 Nxe5 6. d4 Bd6 7. dxe5 Bxe5 8. Bg5 0-0 9. 0-0 d6 10. f4 Bg4 11. Qe1 Bd4+ 12. Kh1 a6 13. Bc4 b5 14. Bd5 Rb8 15. h3 Bd7 16. Rd1 Bb6 17. e5 h6 18. Bh4 dxe5 19. fxe5 g5 20. Rxf6 gxh4 21. Rg6+ Kh7 22. Rf6 Qe8 23. Qe4+ Kg7 24. Qxh4 Be3 25. Rd3 Bg5 26. Rg6+ Kh8 27. Rxh6+ 1-0

[Event "FRA-chT U20 0203"]
[Site "Clichy"]
[Date "2002.12.01"]
[Round "2.8"]
[White "Ambroise, Thibault"]
[Black "Sarfati, Johan"]
[Result "0-1"]
[WhiteElo "1300"]
[BlackElo "1470"]
[PlyCount "58"]
[EventDate "2002.12.??"]
[EventType "team"]
[EventRounds "11"]
[EventCountry "FRA"]
[SourceTitle "EXT 2004"]
[Source "ChessBase"]
[SourceDate "2003.11.25"]
[SourceVersion "1"]
[SourceVersionDate "2003.11.25"]
[SourceQuality "1"]
[WhiteTeam "Pau"]
[BlackTeam "Montpellier"]
[WhiteTeamCountry "FRA"]
[BlackTeamCountry "FRA"]

1. e4 e5 2. Nf3 Nc6 3. Bc4 Bc5 4. d3 Nf6 5. Ng5 0-0 6. 0-0 d5 7. exd5 Nxd5 8. Bxd5 Qxd5 9. Nc3 Qd6 10. Qh5 h6 11. Nf3 f5 12. Nb5 Qe7 13. Bd2 Be6 14. Rfe1 Bf7 15. Qxf5 Bc4 16. Qg4 Bxb5 17. c4 Ba6 18. b3 Rf6 19. Bc3 Bd6 20. a4 b6 21. d4 e4 22. Rxe4 Qf7 23. Rb1 Rg6 24. Qh5 Rxg2+ 25. Kxg2 Qxh5 26. b4 Rf8 27. Re3 Bxc4 28. b5 Rxf3 29. Rxf3 Qxh2# 0-1